CBRE UK monthly index (Record no. 105852)

MARC details
000 -LEADER
fixed length control field 01170cam a2200241 4500
001 - CONTROL NUMBER
control field ##L134937
008 - FIXED-LENGTH DATA ELEMENTS--GENERAL INFORMATION
fixed length control field 060912n2006 000 0 eng u
035 ## - SYSTEM CONTROL NUMBER
System control number (Sirsi) u134937
041 0# - LANGUAGE CODE
Language code of text/sound track or separate title eng
050 04 - LIBRARY OF CONGRESS CALL NUMBER
Classification number 333.33 $2 18
110 2# - MAIN ENTRY--CORPORATE NAME
Corporate name or jurisdiction name as entry element CB Richard Ellis
9 (RLIN) 3675
245 00 - TITLE STATEMENT
Title CBRE UK monthly index
Remainder of title September 2006
260 ## - PUBLICATION, DISTRIBUTION, ETC.
Place of publication, distribution, etc. London
Name of publisher, distributor, etc. CBRE
Date of publication, distribution, etc. 2006
490 #0 - SERIES STATEMENT
Series statement CB Richard Ellis UK Monthly Index
Volume/sequential designation September 2006
505 2# - FORMATTED CONTENTS NOTE
Formatted contents note Market background -- Offices -- Retail -- Industrials -- Economics and investment markets
520 ## - SUMMARY, ETC.
Summary, etc. Reports that the all property total return has slowed to 1%, the lowest monthly return figure since March 2005. All property rental growth increased slightly, although all property capital growth stood at 0.6%, down from 0.9% in July 2006. The central London office market maintained its position as the strongest performing sub-sector. Tables and graphs.
590 ## - LOCAL NOTE (RLIN)
Local note IKA190906
650 24 - SUBJECT ADDED ENTRY--TOPICAL TERM
Topical term or geographic name entry element CB RICHARD ELLIS UK MONTHLY INDEX
651 #4 - SUBJECT ADDED ENTRY--GEOGRAPHIC NAME
Geographic name United Kingdom
Chronological subdivision
690 ## - LOCAL SUBJECT ADDED ENTRY--TOPICAL TERM (OCLC, RLIN)
Topical term or geographic name as entry element PROPERTY-COMMERCIAL PROPERTY-COMMERCIAL PROPERTY MARKET
856 40 - ELECTRONIC LOCATION AND ACCESS
Uniform Resource Identifier <a href="https://www.cbre.com">https://www.cbre.com</a>
Public note View the item free of charge at www.cbre.com...
942 ## - ADDED ENTRY ELEMENTS (KOHA)
Suppress in OPAC 0
Holdings
Withdrawn status Lost status Source of classification or shelving scheme Damaged status Not for loan Home library Current library Shelving location Date acquired Total Checkouts Full call number Barcode Date last seen Copy number Price effective from Koha item type
    Dewey Decimal Classification     Virtual Virtual Online 12/09/2006   L134937 134937-1001 06/08/2019 1 06/08/2019 Book